Diseño y metodologías de validación en sistemas microelectrónicos tolerantes a fallas inducidas por radiación /

Guardado en:
Otros Autores: Sondón, Santiago M. (Disertante), Mandolesi, Pablo Sergio. (Orientador), Palumbo, Félix. (Orientador)
Formato: Manuscrito
Idioma:Spanish
Publicado: 2014.
Materias:
Etiquetas: Agregar Etiqueta
Sin Etiquetas, Sea el primero en etiquetar este registro!
LEADER 01095ntm a22002655a 4500
001 EUN.eunm005541
005 20140917082907.0
008 140905s2014####ag#######bm###000#0#spa#d
082 0 4 |a 040  |2 15 
082 0 4 |a 621.3817  |2 19 
100 1 |a Sondón, Santiago M.  |4 dis 
245 1 0 |a Diseño y metodologías de validación en sistemas microelectrónicos tolerantes a fallas inducidas por radiación /  |c Santiago M. Sondon. 
260 |c 2014. 
300 |a xviii, 141 p. :  |b il. col. ;  |c 30 cm. 
500 |a "Tesis de Doctor en Ingeniería". 
500 |a Directores de tesis: Pablo Mandolesi y Félix Palumbo. 
502 |a Tesis (doctoral)--Universidad Nacional del Sur, 2014. 
504 |a Incluye referencias bibliográficas. 
650 7 |a Ingeniería.  |2 unbist 
650 7 |a Microelectrónica.  |2 unbist 
650 7 |a Radiación.  |2 unbist 
700 1 |a Mandolesi, Pablo Sergio.  |4 ths 
700 1 |a Palumbo, Félix.  |4 ths 
710 2 |a Universidad Nacional del Sur.  |b Departamento de Ingeniería Eléctrica y de Computadoras  |4 dgg. 
859 |a AR-BaUNS  |b BIB. CENTRAL - Tesis  |h 040  |i B148 2014-1311  |k R  |p 124624/014